000 00846nam a2200241Ia 4500
003 GCL
008 140319s9999 xx 000 0 ara d
040 _aGCL /
_cGCL
082 0 4 _aق
_b350
_bم و
100 1 _aكمال احمد
245 1 0 _aالوزارات المصرية : ج2 .1953 - 1961 /
_cكمال احمد
700 1 _aمحمود زهدى موسى
700 1 _aحنان حسن جمة
260 _aالقاهرة :
_bالهيئة المصرية العامة للكتاب ،
_c1989
300 _a590 ص ؛
_c24 سم
490 _a
650 0 4 _aالوزراء
650 0 4 _aالحكومات
650 0 4 _aمصر - تاريخ - العصر الحديث - جمال عبدالناصر ( 1954-1970 )
650 0 4 _aمصر - تاريخ - العصر الحديث (1805 - 1956 )
650 0 4 _aالوزارات
942 _2ddc
_cBK
999 _c53002
_d53002